000 00682cab a2200205 4500
001 WB3420-19
008 090401t1998 xxu||||| |||| 00| 0 eng d
035 _a(Sirsi) u86490
041 _aeng
245 _aPension fund question
260 _c1998
350 _a0
490 _aFinancial Times
_v29 May 1998, 13(1)
520 _aPension funds should not own property, as they do not have the management structure or the entrepreneurial culture to get the best results from real estate, according to a US property owner.
650 _aDIRECT PROPERTY
650 _aPENSION FUNDS
690 _aPROPERTY-PROPERTY FINANCE AND INVESTMENT
942 _n0
948 _c29/05/1998
999 _c54445
_d54445